00686nam a22002297a 450000500170000001000130001702000220003003500130005203700160006504000120008108200160009310000230010924500800013225000110021226000440022327000460026730000240031350000190033765000340035665000440039070000220043420170124105955.0 aB-064095 c95.00a8120305965 aB-064095 bCen Lib/Ret aDPLbEN a005.13bKER aKernighan, Brian W aThe C programming language /cby Brain W. Kernighan [and] Dennis M. Ritchie a2nd ed aNew DelhibPrentice-Hall of Indiac1988 aM-97, Connaught CircusbNew Delhie110001 axii,272p.c21cm(Hb) aIncludes index aC (Computer program language) aObjective-C (Computer program language) aRitchie, Dennis M